Marketingová komunikácia podnikov služieb vedecká monografia

Salvato in:
Dettagli Bibliografici
Autore principale: Frianová, Viera
Natura: Libro
Lingua:slovacco
Pubblicazione: Liptovský Mikuláš Akadémia ozbrojených síl generála Milana Rastislava Štefánika 2013
Edizione:1. vyd.
Soggetti:
Tags: Aggiungi Tag
Nessun Tag, puoi essere il primo ad aggiungerne!!

MARC

LEADER 00000nam a2200000 4500
001 0205594
005 20240314094414.8
020 |a 978-80-8040-483-3 
041 0 |a slo 
044 |a SK 
245 1 0 |a Marketingová komunikácia podnikov služieb  |b vedecká monografia  |c Viera Frianová ; recenzenti: Jaroslav Ďaďo, Štefan Majtán 
250 |a 1. vyd. 
264 1 |a Liptovský Mikuláš  |b Akadémia ozbrojených síl generála Milana Rastislava Štefánika  |c 2013 
300 |a 180 s. 
610 2 0 |a komunikácia marketingová 
610 2 0 |a služby 
610 2 0 |a podnik 
610 2 0 |a Slovensko 
100 1 |a Frianová, Viera